| 000 | 01014nam a2200193Ia 4500 | ||
|---|---|---|---|
| 999 |
_c1045 _d1045 |
||
| 020 | _a033521939X (pbk.) | ||
| 020 | _a9780335219391 (pbk.) | ||
| 050 | 1 | 4 |
_aLA637.7 _b.G22 |
| 100 | 1 | _aGatrell, Caroline. | |
| 245 | 1 | 0 |
_aManaging part-time study : _ba guide for undergraduates and postgraduates / _cCaroline Gatrell. |
| 260 |
_aMaidenhead, Berkshire, England ; _aNew York, NY : _bMcGraw Hill, Open University Press, _c2006. |
||
| 300 |
_ax, 166 p. ; _c23 cm. |
||
| 500 | _aIncludes bibliographic references and index | ||
| 505 | _aTo be or not to be a part-time student?: Choosing and starting your course, and planning ahead -- Getting down to it -- strategies for managing your own learning -- Practical tips for writing assignments, dissertations and theses -- Plagiarism, referencing and originality -- Coping with exams -- The mid-term blues: getting stuck, and staying on course -- What next? | ||
| 650 | 0 | _aPart-time students | |
| 650 | 0 | _aStudy skills. | |
| 650 | 0 | _aEducation - Higher | |
| 942 | _cBK | ||